000 00481nam a2200169 i 4500
001 103840
003 ES-MaACL
005 20240515063055.0
007 t|
008 051118s1906 sp ||||1| cat d
100 1 _aMestres, Apeles,
_d1854-1936
_9140420
245 1 0 _aRecorts y fantasies /
_cApeles Mestres.
260 _aBarcelona :
_b[s.n.],
_c1906 (
_fImp. GirĂ³)
300 _a295 p. ;
_c18 cm.
852 _aES-MaACL
_jC-19879
_bR.47342
999 _c103840
_d103840